000 00427nam a2200169Ia 4500
001 1848
003 IN-NITTTR
005 20251114232921.0
008 251113s9999||||xx |||||||||||||| ||eng||
040 _beng
040 _cIN-NITTTR
041 _aeng
082 _a624.151 J951M
100 _aJumikis, Alfreds R.
245 0 _aMechanics of soils :
_b fundamentals for advanced study. /
_cJumikis, Alfreds R.
942 _2ddc
_cBK
999 _c2640
_d2640